|
|
|
|
| LEADER |
00786nam a22002412a 4500 |
| 001 |
000953529 |
| 003 |
CZ BrMZK |
| 005 |
20091023101012.0 |
| 007 |
ta |
| 008 |
090708s1966 xo er|||||||||||slo d |
| 040 |
|
|
|a BOA001
|b cze
|
| 100 |
1 |
|
|a Barta, František
|7 mzk2010564422
|4 aut
|
| 245 |
1 |
0 |
|a Kádrová práca v základnej organizácii strany /
|c František Barta
|
| 250 |
|
|
|a 1. vyd.
|
| 260 |
|
|
|a Bratislava :
|b Vydavateľstvo politickej literatúry,
|c 1966
|
| 300 |
|
|
|a 94 s.
|
| 490 |
1 |
|
|a Knižnička straníckeho funkcionára
|
| 504 |
|
|
|a Obsahuje bibliografii
|
| 830 |
|
0 |
|a Knižnička straníckeho funkcionára
|
| 910 |
|
|
|a BOA001
|b 1-0568.414
|
| 990 |
|
|
|a BK
|
| 991 |
|
|
|b 200907
|
| 996 |
7 |
|
|b 2619468337
|c 1-0568.414
|l MZK
|r Sklad / do 1 hodiny
|n 0
|w 001085434
|u 000010
|a 1
|e BOA001
|j MZK50
|s A
|